Eastern Utah Libraries Catalog: Duchesne, Heber, Roosevelt, & Vernal

Michael Jackson's This is it (Record no. 66573)

MARC details
000 -LEADER
fixed length control field 03177cgm a2200637Ia 4500
001 - CONTROL NUMBER
control field ocn471931294
003 - CONTROL NUMBER IDENTIFIER
control field OCoLC
005 - DATE AND TIME OF LATEST TRANSACTION
control field 20241220124428.0
008 - FIXED-LENGTH DATA ELEMENTS--GENERAL INFORMATION
fixed length control field 091201s2010 cau111 vleng d
007 - PHYSICAL DESCRIPTION FIXED FIELD--GENERAL INFORMATION
fixed length control field vd cvaizq
040 ## - CATALOGING SOURCE
Original cataloging agency TEFMT
Transcribing agency TEFMT
Modifying agency TEF
-- BTCTA
-- UINTA
024 1# - OTHER STANDARD IDENTIFIER
Standard number or code 043396338821
028 42 - PUBLISHER NUMBER
Publisher number 33882
Source Sony Pictures Home Entertainment
035 ## - SYSTEM CONTROL NUMBER
System control number (OCoLC)471931294
037 ## - SOURCE OF ACQUISITION
Source of stock number/acquisition Midwest Tape
Note http://www.midwesttapes.com
041 1# - LANGUAGE CODE
Language code of text/sound track or separate title eng
-- eng
-- fre
Language code of original and/or intermediate translations of text eng
043 ## - GEOGRAPHIC AREA CODE
Geographic area code e-uk-en
050 14 - LIBRARY OF CONGRESS CALL NUMBER
Classification number M1630.18
Item number .M53 2010
082 04 - DEWEY DECIMAL CLASSIFICATION NUMBER
Classification number 782.42166092
Edition number 22
049 ## - LOCAL HOLDINGS (OCLC)
Holding library UCLB
092 ## - LOCALLY ASSIGNED DEWEY CALL NUMBER (OCLC)
Classification number 782.421
245 00 - TITLE STATEMENT
Title Michael Jackson's This is it
Medium [videorecording] /
Statement of responsibility, etc Columbia Pictures presents in association with The Michael Jackson Company and AEG Live, a film by Kenny Ortega ; produced by Randy Phillips, Kenny Ortega, Paul Gongaware ; directed by Kenny Ortega.
246 30 - VARYING FORM OF TITLE
Title proper/short title This is it
260 ## - PUBLICATION, DISTRIBUTION, ETC. (IMPRINT)
Place of publication, distribution, etc Culver City, Calif. :
Name of publisher, distributor, etc Sony Pictures Home Entertainment,
Date of publication, distribution, etc [2010]
300 ## - PHYSICAL DESCRIPTION
Extent 1 videodisc (ca. 111 min.) :
Other physical details sd., col. ;
Dimensions 4 3/4 in.
538 ## - SYSTEM DETAILS NOTE
System details note DVD, region 1, anamorphic widescreen (1.78:1) presentation; Dolby Digital 5.1 surround.
546 ## - LANGUAGE NOTE
Language note English dialogue, English or French subtitles; English subtitles for the deaf and hard of hearing.
500 ## - GENERAL NOTE
General note Title from container.
511 0# - PARTICIPANT OR PERFORMER NOTE
Participant or performer note Performer: Michael Jackson.
500 ## - GENERAL NOTE
General note Originally released as a motion picture in 2009.
521 8# - TARGET AUDIENCE NOTE
Target audience note MPAA rating: PG; for some suggestive choreography and scary images.
520 ## - SUMMARY, ETC.
Summary, etc Presents a rare, behind-the-scenes look at Jackson as he developed, created, and rehearsed for his sold-out concerts at London's 02 Arena. Drawn from more than one hundred hours of behind-the-scenes footage, the singer, dancer, filmmaker, architect, creative genius, and great artist at work is captured in raw and candid detail as he created and perfected his planned final London shows.
500 ## - GENERAL NOTE
General note Special features: 2 making-of documentaries; "The Gloved One" featurette; "Costumes" featurette; memories of Michael; auditions: searching for the world's best dancers.
540 ## - TERMS GOVERNING USE AND REPRODUCTION NOTE
Terms governing use and reproduction This DVD disc is copy protected.
650 #0 - SUBJECT ADDED ENTRY--TOPICAL TERM
Topical term or geographic name as entry element Rock concerts
Geographic subdivision England
-- London.
9 (RLIN) 6511436
650 #0 - SUBJECT ADDED ENTRY--TOPICAL TERM
Topical term or geographic name as entry element Music and dance
Geographic subdivision England
-- London.
9 (RLIN) 6511437
650 #0 - SUBJECT ADDED ENTRY--TOPICAL TERM
Topical term or geographic name as entry element Dance
General subdivision Production and direction
Geographic subdivision England
-- London.
9 (RLIN) 6511438
650 #0 - SUBJECT ADDED ENTRY--TOPICAL TERM
Topical term or geographic name as entry element Music rehearsals
Geographic subdivision England
-- London.
9 (RLIN) 6511439
650 #0 - SUBJECT ADDED ENTRY--TOPICAL TERM
Topical term or geographic name as entry element Rock concerts
General subdivision Production and direction
Geographic subdivision England
-- London.
9 (RLIN) 6511440
655 #0 - INDEX TERM--GENRE/FORM
Genre/form data or focus term Musical films.
9 (RLIN) 6202556
650 #0 - SUBJECT ADDED ENTRY--TOPICAL TERM
Topical term or geographic name as entry element Rock concert films.
9 (RLIN) 6202557
655 #0 - INDEX TERM--GENRE/FORM
Genre/form data or focus term Video recordings for the hearing impaired.
9 (RLIN) 6202558
655 #0 - INDEX TERM--GENRE/FORM
Genre/form data or focus term Feature films.
9 (RLIN) 6202559
700 1# - ADDED ENTRY--PERSONAL NAME
Personal name Phillips, Randy.
9 (RLIN) 6202560
700 1# - ADDED ENTRY--PERSONAL NAME
Personal name Ortega, Kenny.
9 (RLIN) 63775
700 1# - ADDED ENTRY--PERSONAL NAME
Personal name Gongaware, Paul.
9 (RLIN) 6202561
700 1# - ADDED ENTRY--PERSONAL NAME
Personal name Jackson, Michael,
Dates associated with a name 1958-2009.
9 (RLIN) 6202562
710 2# - ADDED ENTRY--CORPORATE NAME
Corporate name or jurisdiction name as entry element Columbia Pictures Corporation.
9 (RLIN) 15602
710 2# - ADDED ENTRY--CORPORATE NAME
Corporate name or jurisdiction name as entry element Michael Jackson Company (Firm)
9 (RLIN) 6202563
710 2# - ADDED ENTRY--CORPORATE NAME
Corporate name or jurisdiction name as entry element AEG Live (Firm)
9 (RLIN) 6202564
710 2# - ADDED ENTRY--CORPORATE NAME
Corporate name or jurisdiction name as entry element Sony Pictures Home Entertainment (Firm)
9 (RLIN) 71947
938 ## -
-- Baker and Taylor
-- BTCP
-- BEDDCO 33882
942 ## - ADDED ENTRY ELEMENTS (KOHA)
Koha item type DVD
994 ## -
-- C0
-- UINTA
998 ## - LOCAL CONTROL INFORMATION (RLIN)
-- a130977
Holdings
Withdrawn status Lost status Source of classification or shelving scheme Damaged status Not for loan Collection code Home library Current library Shelving location Date acquired Source of acquisition Cost, normal purchase price Total Checkouts Total Renewals Full call number Barcode Date last seen Date checked out Cost, replacement price Price effective from Koha item type
    Dewey Decimal Classification     Movies Wasatch County Library Wasatch County Library Audio Visual Area 01/30/2010 Amazon 15.95 67 1 DVD 920 Jac 34301001629049 05/21/2025 05/19/2025 15.95 03/20/2020 DVD
This project was made possible through a grant from the Institute of Museum and Library Service administered by the Utah State Library Division.

Wasatch County Library

  • 465 East 1200 South, Heber City, Utah 84032
  • Phone 435-654-1511 | Fax 435-654-6456

Hours

  • Monday - Friday 9:30 AM - 8:00 PM
  • Saturday 9:30 AM - 1:30 PM
  • Closed Sundays and Holidays